000 00303nam a2200121Ia 4500
008 190216s9999||||xx |||||||||||||| ||und||
100 _aShanti Narayan And Kapur J N
245 2 _aA Text Book Of Vector Calculus
260 _bS Chand & Co
_c1966
300 _a317p
650 _aMathematics
942 _cBK
999 _c30508
_d30508